000 00649nam a22002417a 4500
003 UA-OsUOA
001 46423
007 ta
008 20070616b un ||||| |||| 00| 0 ukr d
100 _aСтецовский Ю.И.
090 _a347.965(470+571)
_bС79
942 _cBK
040 _aUA-OsUOA
_brus
_cUA-OsUOA
_dUA-OsUOA
245 _aАдвокатура и государство
300 _a606 с.
955 _a2
041 _arus
080 _a347.965(470+571)
020 _a5-7975-0868-0
260 _aМ.
_bЮристъ
_c2007
650 7 _a347 Цивільне право. Судовий устрій
_2UDC
999 _c332516
_d332516